A humán keratinocita mannóz kötő receptorok jellemzése [Characterization of human keratinocyte mannose-binding receptors]

Elmentve itt :
Bibliográfiai részletek
Szerzők: Szolnoky Győző
Kemény Lajos
Kenderessy Szabó Anna
Kiss Mária
Csörgő Sándorné Bata Zsuzsanna
Dobozy Attila
Dokumentumtípus: Cikk
Megjelent: 2000
Sorozat:BŐRGYÓGYÁSZATI ÉS VENEROLÓGIAI SZEMLE 76 No. 1
Tárgyszavak:
mtmt:247177
Online Access:http://publicatio.bibl.u-szeged.hu/31347
LEADER 00991nab a2200277 i 4500
001 publ31347
005 20241205135919.0
008 241205s2000 hu o 000 hun d
022 |a 0006-7768 
024 7 |a 247177  |2 mtmt 
040 |a SZTE Publicatio Repozitórium  |b hun 
041 |a hun 
100 1 |a Szolnoky Győző 
245 1 2 |a A humán keratinocita mannóz kötő receptorok jellemzése [Characterization of human keratinocyte mannose-binding receptors]  |h [elektronikus dokumentum] /  |c  Szolnoky Győző 
260 |c 2000 
300 |a 4 
300 |a 3-6 
490 0 |a BŐRGYÓGYÁSZATI ÉS VENEROLÓGIAI SZEMLE  |v 76 No. 1 
650 4 |a Általános orvostudomány 
650 4 |a Klinikai orvostan 
700 0 1 |a Kemény Lajos  |e aut 
700 0 2 |a Kenderessy Szabó Anna  |e aut 
700 0 2 |a Kiss Mária  |e aut 
700 0 2 |a Csörgő Sándorné Bata Zsuzsanna  |e aut 
700 0 2 |a Dobozy Attila  |e aut 
856 4 0 |u http://publicatio.bibl.u-szeged.hu/31347/1/aok_klny_453_2000.pdf  |z Dokumentum-elérés